书目信息 |
| 书名: | Good words to you | |
| 作者: | John Ciardi | |
| 分册号: | ||
| 分册名: | 出版地: | New York : |
|
| 出版社: | Harper & Row | |
| 出版时间: | c1987. | |
| 页数: | xix, 343 p. ; | |
| 开本: | 24 cm. | |
| 丛书名: | ||
| 中图分类号: | ||
| 科图分类号: | ||
| 其他分类号: | H313 | |
| 主题词: | ||
| 电子资源: | ||
| 000 | 01019nam 2200313 a 4500 | |
| 001 | E0731967573 | |
| 005 | 20070228085258.82 | |
| 008 | 00010 eng | |
| 008 | uu | |
| 008 | uu | |
| 010 | @a86045647 | |
| 020 | @a0060156910 :@c$19.95. | |
| 043 | @an-us--- | |
| 049 | @aN5LA | |
| 050 | 0 | @aPE2837 @b.C54 1987 |
| 082 | 0 | @a422/.03 @219 |
| 090 | @a2G-88/H316/G64//////831505/*985381/ cop.2/1111006/ cop.3 | |
| 090 | @aH313 | |
| 096 | @aH316 @v2 | |
| 099 | @dH313@ex48 | |
| 245 | 00 | @aGood words to you :@ban all-new dictionary and native's guide to the unknown American language / @cJohn Ciardi |
| 250 | @a1st ed. | |
| 260 | 0 | @aNew York :@bHarper & Row,@cc1987. |
| 300 | @axix, 343 p. ;@c24 cm. | |
| 650 | 0 | @aAmericanisms @xDictionaries. |
| 650 | 0 | @aEnglish language @zUnited States @xDictionaries. |
| 700 | 1 | @aCiardi, John, @d1916- @b00 @c20020930 @lNLC09 @h2249 @lNLC09 @h2339 @lNLC09 @h1930 |
| 852 | 9 | @bWWJC @cJ09 @k2G-88 @hH316 @iG64 |
| 852 | 9 | @bGJSS @k2G-88 @hH316 @iG64 |
| Good words to you : : an all-new dictionary and native's guide to the unknown American language / / John Ciardi.-1st ed.-New York : : Harper & Row, , c1987. |
| xix, 343 p. ; ; 24 cm. |
| ISBN 0060156910 :$19.95. |
| ● |
| 相关链接 |
|
|
|
|
正题名:Good words to you
索取号:H313/x48
 
预约/预借
| 序号 | 登录号 | 条形码 | 馆藏地/架位号 | 状态 | 备注 |
| 1 | 184123 | 001301102 | 第四借阅区/ [索取号:H313/x48] | 在馆 | |
| 2 | 184124 | 001301148 | 第二样本阅览室/ [索取号:H313/x48] | 在馆 |